WM Torschützenkönige seit 1974 - Statistiken

Allgemein
  • Dieses Quiz wurde 304 mal gespielt
  • Das Durchschnittsergebnis liegt bei 4 aus 12
Antwortstatistiken
Hint Antwort % Korrekt
2002 Ronaldo
88%
2006 Miroslav Klose
80%
2014 James Rodriguez
46%
2018 Harry Kane
40%
2010 David Villa
30%
1978 Mario Kempes
15%
1982 Paolo Rossi
15%
1998 Davor Šuker
13%
1986 Gary Lineker
10%
1974 Grzegorz Lato
9%
1990 Salvatore Schillaci
6%
1994 Christo Stoitschkow
1%
Keine übereinstimmenden Quizze gefunden
Verteilung der Resultate
Anzahl Personen mit jedem Resultat
Perzentil nach korrekt beantworteten Fragen
Ihre Resultats-Entwicklung
Sie haben dieses Quiz noch nicht gespielt